000 00532nam a2200193Ia 4500
005 20250508155117.0
008 008 250505s9999 xx 000 0 eng d
037 _aTextual
040 _aFEDL
_beng
_cFEDL
041 _aeng
_2eng
084 _a016.94, POW
_qFEDL
100 _aPower Eileen
245 0 _aBibliography for school teachers of history
260 _aLondon, UK
_bMethuen and Co. Ltd
_c1919
300 _a62p.
650 _aBibliography
942 _cTEXL
_h016.94, POW
999 _c1354312
_d1354312